[Event "Sampa Chess Open 2024"]
[Site "Sao Paulo"]
[Date "2024.02.03"]
[Round "7.50"]
[White "Re, Vinicius"]
[Black "Nicacio, Daniel Ramos"]
[Result "1-0"]
[WhiteElo "1177"]
[BlackElo "1479"]
[PlyCount "115"]
[EventDate "2024.01.29"]
[EventRounds "9"]
[EventCountry "BRA"]

1. e4 c5 2. Nf3 d6 3. d4 cxd4 4. Nxd4 a6 5. Nc3 Nf6 6. Bc4 e6 7. Bg5 Be7 8. O-O
O-O 9. Nf3 ({RR} 9. Qe2 Nxe4 10. Bd2 Nxd2 11. Qxd2 Nc6 12. Nde2 b5 13. Bd3 Ne5
14. a4 b4 15. Ne4 d5 16. N4g3 Bd7 17. Nd4 Nxd3 18. Qxd3 g6 19. Rfe1 Bf6 20. Nf1
Qb6 21. c3 Rac8 22. Ne3 bxc3 23. bxc3 Qa5 {Milunovic,V (2010)-Bukic,E (2445)
Portoroz 1995 0-1}) 9... h6 ({RR} 9... Nc6 10. Re1 b5 11. Bb3 Bb7 12. a3 Qc7
13. Qe2 Rfe8 14. Rad1 Rad8 15. Qe3 h6 16. Bh4 Na5 17. Ba2 Nc4 18. Bxc4 Qxc4 19.
Rd4 Qc5 20. b4 Qc6 21. Rd3 Qc7 22. h3 Nd7 23. Bg3 Nb6 24. Nb1 {Malan,
L-Montufar Berrios,E (1568) Montevideo 2014 0-1 (54)}) 10. Bh4 b5 $146 ({RR} 
10... Qc7 11. Bb3 Nbd7 12. Bg3 b5 13. a3 Bb7 14. Re1 Nh5 15. Qd2 Nxg3 16. hxg3
Nc5 17. Ba2 Rfd8 18. Qf4 Rac8 19. Rad1 Rd7 20. Nd4 Bf6 21. Qg4 Kh8 22. Rd2 Qb6
23. Qd1 Bg5 24. Rde2 Ba8 25. e5 {Struik,T-Van Kerkhof,D Hengelo 1998 0-1}) 11.
Bd3 Bb7 12. e5 Bxf3 13. Qxf3 Nd5 14. Bxe7 Qxe7 15. Nxd5 exd5 16. Qxd5 Nd7 17.
exd6 Qe5 18. Qxe5 Nxe5 19. Rad1 Rfd8 20. Rfe1 Nd7 21. Bf5 g6 22. Bxd7 Rxd7 23.
Re7 Rad8 24. Rxd7 Rxd7 25. b3 Kf8 26. c4 Ke8 27. c5 Kd8 28. c6 Ra7 29. c7+ Kd7
30. Re1 Ra8 31. Re7+ Kxd6 32. Rxf7 Ke6 33. Rg7 Kf6 34. Rd7 Rc8 35. Rd6+ Kf7 36.
Rxa6 Rxc7 37. g3 Rc5 38. a4 Rc1+ 39. Kg2 Rb1 40. axb5 Rxb3 41. Rb6 Kg7 42. h4
h5 43. f4 Rb2+ 44. Kf3 Rb3+ 45. Ke4 Rxg3 46. Ra6 Rb3 47. b6 Rb4+ 48. Ke5 Rb1
49. Kd6 Kf6 50. Kc7 Rc1+ 51. Kb7 Kf5 52. Ka7 Kxf4 53. b7 Rb1 54. Rxg6 Ra1+ 55.
Ra6 Rxa6+ 56. Kxa6 Kg4 57. b8=Q Kxh4 58. Qh2+ 1-0

[Event "Sampa Chess Open 2024"]
[Site "Sao Paulo"]
[Date "2024.02.03"]
[Round "7.51"]
[White "Terra, Bruno De Oliveira"]
[Black "Ruvieri, Daniel Minami"]
[Result "1-0"]
[WhiteElo "1800"]
[BlackElo "1437"]
[PlyCount "59"]
[EventDate "2024.01.29"]
[EventRounds "9"]
[EventCountry "BRA"]

1. d4 Nf6 2. Bf4 e6 3. Nf3 b6 4. e3 Bb7 5. Be2 c5 6. c3 cxd4 7. exd4 Be7 8. O-O
O-O 9. Nbd2 d6 10. Re1 ({RR} 10. a4 a6 11. a5 b5 12. Bd3 Nbd7 13. Qe2 Rc8 14.
Ng5 h6 15. Nge4 Nxe4 16. Nxe4 Nf6 17. Rfe1 Nxe4 18. Bxe4 Bxe4 19. Qxe4 d5 20.
Qf3 b4 21. Be5 bxc3 22. bxc3 Bf6 23. Re3 Bxe5 24. dxe5 Rc4 {Gheorghiu,C (2286)
-Kovacs,K (2187) chess.com INT 2022 1-0 (54)}) 10... Nbd7 11. h3 Re8 12. Bd3
Nd5 $146 ({RR} 12... Nf8 13. Bg5 a6 14. Qc2 Nd5 15. Bxe7 Qxe7 16. Nf1 Rec8 17.
Qd2 Ng6 18. Ne3 Ndf4 19. Bxg6 Bxf3 20. Bd3 Nxd3 21. Qxd3 Bb7 22. d5 e5 23. f4
Re8 24. fxe5 dxe5 25. Rad1 Rad8 26. c4 Qc5 {1/2-1/2 (26) Vepkhvishvili,V (2330)
-Hracek,Z (2510) Pardubice 1993}) ({RR} 12... Qc7 13. Rc1 Bf8 14. Ne4 Nxe4 15.
Bxe4 Bxe4 16. Rxe4 Nf6 17. Re2 b5 18. Qb3 Nd5 19. Bg3 Qc4 20. Qxc4 bxc4 21. b3
Rec8 22. Rec2 Nb6 23. Nd2 d5 24. bxc4 Nxc4 25. Nxc4 Rxc4 26. Rb1 Rac8 27. Rb7 {
Eremin,M-Shaposhnikov,E (2572) Grozny RUS 2019 0-1 (40)}) 13. Bh2 Bf6 14. Bxd6
Nf8 15. Ne4 Ng6 16. Bb5 Be7 17. Bxe8 Bxd6 18. Nxd6 Qxd6 19. Bxf7+ Kxf7 20. Ng5+
Kg8 21. Rxe6 Qf4 22. Qh5 Nf8 23. Rae1 Nf6 24. Qf7+ Kh8 25. Qxb7 Rb8 26. Qxa7
N6d7 27. Re7 Qxg5 28. Rxd7 Re8 29. Rde7 Rxe7 30. Qxe7 1-0

[Event "Sampa Chess Open 2024"]
[Site "Sao Paulo"]
[Date "2024.02.03"]
[Round "7.53"]
[White "Bianchini, Marlon"]
[Black "Akamine, Isabelle Namie Nish"]
[Result "1-0"]
[WhiteElo "1255"]
[BlackElo "1800"]
[PlyCount "115"]
[EventDate "2024.01.29"]
[EventRounds "9"]
[EventCountry "BRA"]

1. e4 c5 2. Nf3 d6 3. Bb5+ Bd7 4. Bxd7+ Nxd7 5. d4 cxd4 6. Qxd4 Ngf6 7. c4 e6
8. Nc3 Be7 9. O-O O-O 10. b3 Ng4 $146 ({RR} 10... Rc8 11. h3 a6 12. Bg5 Re8 13.
Rac1 Kh8 14. Rfd1 Kg8 15. Bh4 Rf8 16. Bg3 e5 17. Qe3 Nc5 18. Nxe5 Re8 19. Nd3
Ncd7 20. Nf4 Nb8 21. Nfd5 Nbd7 22. Nxe7+ Rxe7 23. Rxd6 Qe8 24. f3 Kf8 25. Rcd1
{Tondo,S (1905)-Miles,R (1434) Erice 2009 1-0 (52)}) 11. h3 Bf6 12. Qd3 Nge5
13. Nxe5 Bxe5 14. Bb2 Qf6 15. Rac1 Qf4 16. g3 Qh6 17. Kg2 Nf6 18. f4 Bxc3 19.
Bxc3 Qg6 20. Rce1 Rad8 21. f5 exf5 22. exf5 Qg5 23. Bd2 Qh5 24. Rf4 g6 25. Rh4
Qxf5 26. Qxf5 gxf5 27. Bg5 Ne4 28. Bxd8 Rxd8 29. Rf4 Nc3 30. a3 d5 31. Rxf5
dxc4 32. bxc4 Rd4 33. Re7 Rxc4 34. Rfxf7 Nb5 35. Rg7+ Kf8 36. Ref7+ Ke8 37.
Rxb7 Nd6 38. Rbe7+ Kf8 39. Rxa7 Rc2+ 40. Kf3 Rc3+ 41. Kf4 Nc8 42. Rac7 Rxa3 43.
Rxh7 Kg8 44. Rhd7 Ra4+ 45. Kg5 Ra5+ 46. Kh4 Ra4+ 47. g4 Rf4 48. Rxc8+ Rf8 49.
Rxf8+ Kxf8 50. Kg5 Ke8 51. Ra7 Kd8 52. Kf6 Kc8 53. Ke6 Kb8 54. Rh7 Kc8 55. Kd6
Kb8 56. Kc6 Ka8 57. Kb6 Kb8 58. Rh8# 1-0

[Event "Sampa Chess Open 2024"]
[Site "Sao Paulo"]
[Date "2024.02.03"]
[Round "7.56"]
[White "Santana, Expedito"]
[Black "De Bastiani, Tales Otavio"]
[Result "0-1"]
[WhiteElo "1408"]
[BlackElo "1800"]
[PlyCount "86"]
[EventDate "2024.01.29"]
[EventRounds "9"]
[EventCountry "BRA"]

1. d4 d5 2. Bf4 Nf6 3. Nd2 Bf5 ({RR} 3... c5 4. c3 Nc6 5. e3 Bf5 6. Ngf3 e6 7.
Be2 Be7 8. O-O O-O 9. h3 h6 10. Ne5 Rc8 11. Ndf3 Ne4 12. dxc5 Nxe5 13. Bxe5
Bxc5 14. Nd4 Bh7 15. Qc1 Qe7 16. Nb3 Bb6 17. Nd2 Nc5 18. Bg3 {Vuckovic,L (1865)
-Blagojevic,T (2267) Vrnjacka Banja SRB 2021 0-1 (52)}) 4. e3 e6 5. Bd3 Bg6 ({
RR} 5... Bxd3 6. cxd3 Bd6 7. Bg5 h6 8. Bh4 Nbd7 9. Ngf3 O-O 10. O-O e5 11. dxe5
Nxe5 12. Qb3 Rb8 13. Bxf6 Qxf6 14. Qxd5 Nxf3+ 15. Nxf3 Qxb2 16. Rab1 Qa3 17. d4
c6 18. Qc4 Qa5 19. Rfc1 Rfe8 20. h3 {Afanasiev,N (2280)-Tregubov,P (2586)
Sochi 2016 1-0 (54)}) 6. Ndf3 $146 ({RR} 6. Ngf3 Nbd7 7. Ne5 Nxe5 8. dxe5 Nh5
9. Bg3 Nxg3 10. hxg3 Bxd3 11. cxd3 c6 12. O-O Be7 13. Qg4 O-O 14. Nf3 c5 15.
Qh3 Qb6 16. b3 Rac8 17. g4 c4 18. bxc4 dxc4 19. dxc4 Rxc4 20. g5 Rfc8 {Van
Mechelen,J (2251)-Marville,G (1975) Charleroi 2006 1/2-1/2}) 6... Bd6 7. Ne5
Bxe5 8. Bxe5 Nbd7 9. Bf4 c5 10. c3 a6 11. a4 Qb6 12. Bxg6 hxg6 13. Qc2 Rc8 14.
h3 cxd4 15. exd4 Qxd4 16. cxd4 Rxc2 17. Rb1 O-O 18. Nf3 Rfc8 19. O-O R8c4 20.
b3 Rc8 21. Rfc1 Ne4 22. Rxc2 Rxc2 23. Rc1 Rxc1+ 24. Bxc1 Nd6 25. Nd2 Nf5 26.
Nf3 Nf6 27. g4 Nd6 28. Bf4 Nde4 29. g5 Nd7 30. Nd2 Nxd2 31. Bxd2 f6 32. h4 e5
33. dxe5 fxe5 34. b4 Nb6 35. a5 Nc4 36. Bc1 d4 37. Kf1 Kf7 38. Ke2 e4 39. Bf4
Ke6 40. Bb8 Kd5 41. Ba7 d3+ 42. Kd1 Ne5 43. Bb8 Nf3 0-1

[Event "Sampa Chess Open 2024"]
[Site "Sao Paulo"]
[Date "2024.02.03"]
[Round "8.1"]
[White "Flores Quillas, Diego Saul Rodri"]
[Black "Shumyatsky, Victor"]
[Result "1-0"]
[WhiteElo "2429"]
[BlackElo "2457"]
[PlyCount "121"]
[EventDate "2024.01.29"]
[EventRounds "9"]
[EventCountry "BRA"]

1. e4 e5 2. Nf3 Nc6 3. Bb5 a6 4. Ba4 Nf6 5. d4 exd4 6. e5 Ne4 7. O-O Nc5 8.
Bxc6 dxc6 9. Nxd4 Ne6 10. Nf5 Qxd1 11. Rxd1 Bd7 12. Be3 O-O-O 13. Nc3 g6 $146 (
{RR} 13... h5 14. Nd4 Re8 15. Nxe6 Bxe6 16. Rd2 Bf5 17. Rad1 Bb4 18. Bf4 Rd8
19. Kf1 Bxc3 20. bxc3 Bxc2 21. Rxd8+ Rxd8 22. Rxd8+ Kxd8 23. Ke2 Kd7 24. Kd2
Bb1 25. a3 Ke6 26. h4 c5 27. g3 c6 28. c4 {Mnatsakanian,E (2415)-Ibragimov,I 
(2515) Katowice 1992 1/2-1/2 (63)}) ({RR} 13... Bb4 14. Ne4 h5 15. c3 Bf8 16.
Rd2 g6 17. Nd4 Nxd4 18. Rxd4 Bg7 19. f4 Bf5 20. Ng5 f6 21. Nf7 Rxd4 22. Bxd4
Rf8 23. exf6 Bxf6 24. Bxf6 Rxf7 {1/2-1/2 (24) Sefc,J-Ojanen,K Trencianske
Teplice 1949}) ({RR} 13... h6 14. Ne4 Nf4 15. Rxd7 Rxd7 16. Bxf4 g6 17. Nfg3
Be7 18. Kf1 h5 19. Ke2 h4 20. Nf1 Rg8 21. Ng5 f6 22. exf6 Bxf6 23. c3 Re8+ 24.
Ne3 Rd5 25. Nh7 Bd8 26. Rd1 Rh5 27. Rxd8+ Rxd8 28. Ng5 {Gross,T (2163)-Schmidt,
J (2017) Berlin 2010 1-0 (62)}) 14. Nh6 Bxh6 15. Bxh6 c5 16. Nd5 b5 17. c3 Bc6
18. Nf6 c4 19. f3 Nc5 20. Bg7 Rxd1+ 21. Rxd1 Rd8 22. Rxd8+ Kxd8 23. Nxh7 Nd3
24. Ng5 Ke8 25. h4 Nxb2 26. g4 Nd3 27. h5 gxh5 28. gxh5 Bd7 29. h6 Bf5 30. a3
a5 31. e6 fxe6 32. Nxe6 c5 33. Nc7+ Kd7 34. Nxb5 Kc6 35. a4 Nb2 36. Na3 Kd5 37.
Kf2 Nxa4 38. Ke3 Nb2 39. Kf4 Ke6 40. Nb5 Bh7 41. Kg5 Nd1 42. Bf8 Kd5 43. Kf6
Kc6 44. Na3 Kd5 45. Kg7 Bd3 46. h7 Bxh7 47. Kxh7 Nxc3 48. Kg6 Ne2 49. Bh6 c3
50. f4 Nxf4+ 51. Bxf4 Ke4 52. Kg5 Kd3 53. Kf5 c4 54. Ke5 c2 55. Kd5 c3 56. Kc5
Ke2 57. Nxc2 Kd1 58. Ne3+ Kd2 59. Nc4+ Kc2 60. Nxa5 Kb1 61. Kc4 1-0

[Event "Sampa Chess Open 2024"]
[Site "Sao Paulo"]
[Date "2024.02.03"]
[Round "8.2"]
[White "Dos Santos Dutra, Fernando Junior Fre"]
[Black "Fier, Alexandr"]
[Result "0-1"]
[WhiteElo "2262"]
[BlackElo "2549"]
[PlyCount "94"]
[EventDate "2024.01.29"]
[EventRounds "9"]
[EventCountry "BRA"]

1. d4 Nf6 2. c4 e6 3. Nc3 Bb4 4. e3 O-O 5. Bd3 d5 6. Nge2 dxc4 7. Bxc4 c5 8. a3
Bxc3+ 9. bxc3 Qc7 10. Bd3 Nc6 11. O-O e5 12. d5 e4 13. Bxe4 Nxe4 14. dxc6 Qxc6
15. f3 Nd6 16. Nf4 $146 ({RR} 16. e4 Be6 17. Nf4 Bc4 18. Nd5 Rae8 19. Rf2 f5
20. Bg5 Rf7 21. Rd2 Nc8 22. Ne3 Be6 23. exf5 Bxf5 24. Nxf5 Rxf5 25. Bh4 Nb6 26.
Rd6 Qa4 27. Qxa4 Nxa4 28. Rd7 Rf4 29. Bg5 Rf7 30. Rd5 b6 {Lin,B (1881)-Preotu,
R (2494) Mississauga CAN 2018 0-1 (67)}) 16... Nc4 17. Qd3 Be6 18. Rd1 b5 19.
e4 h5 20. a4 a6 21. Nd5 Kh8 22. Ne3 Na5 23. axb5 axb5 24. Bd2 Rad8 25. Qe2 Nb3
26. Rab1 c4 27. Be1 Rde8 28. Nc2 f5 29. e5 f4 30. Nb4 Qc7 31. Rd6 Bf5 32. Rbd1
Qc5+ 33. Bf2 Qxe5 34. Qxe5 Rxe5 35. R6d5 Rxd5 36. Rxd5 Ra8 37. g4 Bg6 38. Nc6
Ra1+ 39. Kg2 Bd3 40. h4 Bf1+ 41. Kh2 Ra2 42. Kg1 Be2 43. Ne5 Nd2 44. Kg2 Bxf3+
45. Nxf3 Ne4 46. Ne5 Rxf2+ 47. Kg1 f3 0-1

[Event "Sampa Chess Open 2024"]
[Site "Sao Paulo"]
[Date "2024.02.03"]
[Round "8.3"]
[White "Perdomo, Leandro"]
[Black "Santiago, Yago De Moura"]
[Result "1/2-1/2"]
[WhiteElo "2382"]
[BlackElo "2467"]
[PlyCount "76"]
[EventDate "2024.01.29"]
[EventRounds "9"]
[EventCountry "BRA"]

1. d4 e6 2. c4 f5 3. Nc3 Nf6 4. Nf3 Bb4 5. Bg5 Bxc3+ 6. bxc3 h6 7. Bxf6 Qxf6 8.
Qc2 d6 9. e4 Nc6 $146 ({RR} 9... e5 10. c5 O-O 11. cxd6 cxd6 12. Bd3 Nc6 13.
O-O f4 14. Rab1 Kh8 15. Qa4 exd4 16. cxd4 Bg4 17. e5 dxe5 18. dxe5 Nxe5 19.
Nxe5 Qxe5 20. Qe4 Qxe4 21. Bxe4 Rab8 22. Rxb7 Rxb7 23. Bxb7 Rb8 24. Bd5 {
Jacko,V (2079)-Kotainy,J (2270) Fermo 2009 0-1 (46)}) 10. c5 dxc5 11. Bb5 cxd4
12. Bxc6+ bxc6 13. cxd4 O-O 14. O-O c5 15. dxc5 e5 16. Rfe1 Kh8 17. c6 f4 18.
h3 g5 19. Qc3 Re8 20. Rab1 g4 21. hxg4 Bxg4 22. Rb5 Bxf3 23. Qxf3 Rg8 24. Reb1
Rg5 25. Rb8+ Rxb8 26. Rxb8+ Kh7 27. Re8 Qd6 28. Qb3 Rxg2+ 29. Kxg2 Qg6+ 30. Kf1
Qxe8 31. Qd5 Kg7 32. Qd7+ Qf7 33. Qg4+ Kh7 34. Qd7 Kg8 35. Qc8+ Kg7 36. Qg4+
Kh8 37. Qc8+ Kh7 38. Qd7 Kg7 1/2-1/2

[Event "Sampa Chess Open 2024"]
[Site "Sao Paulo"]
[Date "2024.02.03"]
[Round "8.4"]
[White "Di Berardino, Diego Rafael"]
[Black "Fernandes De Sousa, Julio Cesar"]
[Result "1-0"]
[WhiteElo "2480"]
[BlackElo "2162"]
[PlyCount "57"]
[EventDate "2024.01.29"]
[EventRounds "9"]
[EventCountry "BRA"]

1. d4 Nf6 2. c4 e6 3. Nc3 d5 4. cxd5 exd5 5. Bg5 Nbd7 6. e3 c6 7. Bd3 Be7 8.
Qc2 Nf8 9. Nge2 g6 10. O-O Ne6 11. Bh4 O-O 12. f3 c5 13. dxc5 Nxc5 14. Rad1 Be6
15. Nf4 Rc8 16. Be2 Ncd7 17. Kh1 Qc7 $146 ({RR} 17... Nb6 18. Qb3 Nfd7 19. Bxe7
Qxe7 20. Ncxd5 Bxd5 21. Nxd5 Nxd5 22. Rxd5 Nc5 23. Qa3 b6 24. e4 Rfd8 25. Bc4
a5 26. h3 Rxd5 27. Bxd5 Qe5 28. b4 axb4 29. Qxb4 Nd3 30. Bxf7+ Kg7 31. Qd2 Qd4
32. Bb3 {Aleksandrov,A (2610)-Brenjo,S (2464) Herceg Novi 2001 1-0 (40)}) 18.
Qb1 Qa5 19. e4 dxe4 20. Nxe6 fxe6 21. Rxd7 Nxd7 22. Bxe7 Rf7 23. Bd6 exf3 24.
Bxf3 Nf6 25. Re1 b5 26. h3 b4 27. Ne4 Qb6 28. Bg3 Nd5 29. Nd6 1-0

[Event "Sampa Chess Open 2024"]
[Site "Sao Paulo"]
[Date "2024.02.03"]
[Round "8.5"]
[White "Batista, Renato Luiz"]
[Black "Perez Gormaz, Matias"]
[Result "0-1"]
[WhiteElo "2174"]
[BlackElo "2388"]
[PlyCount "42"]
[EventDate "2024.01.29"]
[EventRounds "9"]
[EventCountry "BRA"]

1. e4 c5 2. Nf3 d6 3. d4 cxd4 4. Nxd4 Nf6 5. f3 e5 6. Bb5+ Nbd7 7. Nb3 a6 8.
Be2 b5 9. a4 bxa4 10. Rxa4 Be7 $146 ({RR} 10... Nb6 11. Ra1 d5 12. O-O Be7 13.
Bd3 O-O 14. Qe2 Qc7 15. Nc3 Be6 16. Na4 dxe4 17. fxe4 Nfd7 18. Nxb6 Nxb6 19.
Rxa6 Rxa6 20. Bxa6 Nc4 21. Qf2 f5 22. Bxc4 Bxc4 23. Re1 f4 24. Qf3 Be6 25. Qe2
{Karaklajic,N-Janosevic,D Sarajevo 1951 0-1 (55)}) 11. Be3 O-O 12. O-O Nb6 13.
Ra1 d5 14. Na5 Qc7 15. exd5 Nbxd5 16. Bf2 Rd8 17. Bd3 Nf4 18. Nc4 Bf5 19. Re1
Bxd3 20. cxd3 Nxd3 21. Nb6 Rab8 0-1

[Event "Sampa Chess Open 2024"]
[Site "Sao Paulo"]
[Date "2024.02.03"]
[Round "8.6"]
[White "Do Nascimento, Christian Almeida"]
[Black "Ticona Rocabado, Licael Roderick"]
[Result "0-1"]
[WhiteElo "2123"]
[BlackElo "2350"]
[PlyCount "62"]
[EventDate "2024.01.29"]
[EventRounds "9"]
[EventCountry "BRA"]

1. e4 e6 2. d3 d5 3. Nd2 Nf6 4. Ngf3 c5 5. g3 Nc6 6. Bg2 Be7 7. O-O O-O 8. Re1
b5 9. e5 Nd7 10. Nf1 f6 11. exf6 Bxf6 12. h4 ({RR} 12. Ne3 Kh8 13. Ng4 e5 14.
h4 Qc7 15. c4 bxc4 16. dxc4 dxc4 17. Nxf6 Rxf6 18. Ng5 Nf8 19. Be3 Bf5 20. Qd5
Rc8 21. Qxc4 Nd4 22. Rac1 Nfe6 23. b4 cxb4 24. Qxb4 Nc2 25. Qa4 Nxg5 26. hxg5
Rff8 {Azaladze,S (2432)-Gelashvili,T (2614) Tbilisi 2010 0-1 (36)}) 12... Nb6 (
{RR} 12... Nde5 13. N1h2 Qd7 14. Ng5 h6 15. Nh3 Bb7 16. Nf4 Rae8 17. Qh5 Nd4
18. Rxe5 Bxe5 19. Qxe5 Nxc2 20. Rb1 Nd4 21. Bh3 Qc6 22. Be3 Nf5 23. Ng4 d4 24.
Bg2 Qd6 25. Bd2 Bxg2 26. Kxg2 Qxe5 27. Nxe5 {Ferey,A (2168)-Sokolov,I (1889)
Europe-Echecs INT 2022 1-0 (42)}) 13. c3 $146 ({RR} 13. N1h2 Qd6 14. Ng4 e5 15.
Nxf6+ Rxf6 16. Nh2 Be6 17. f4 exf4 18. Bxf4 Qd7 19. Bf3 Nd4 20. Bg4 Re8 21. c3
Bxg4 22. Rxe8+ Qxe8 23. Nxg4 Ne2+ 24. Kf2 Re6 25. Be5 d4 26. Qxe2 Nd7 27. cxd4
{1/2-1/2 (27) Braeken,B-Leenaerts,R (2153) Maastricht 2008}) ({RR} 13. N1h2 e5
14. Bg5 h6 15. Bxf6 Qxf6 16. Rf1 Be6 17. Nd2 c4 18. a3 Rac8 19. Nb1 cxd3 20.
cxd3 Nd4 21. Nc3 a5 22. Ng4 Qf5 23. Ne3 Qf7 24. f4 Qg6 25. g4 exf4 26. Nexd5
Nxd5 27. Nxd5 Bxd5 {Kroencke,M-Heinicke,H Germany North 1982 0-1}) ({RR} 13.
Ng5 e5 14. c4 Kh8 15. cxd5 Nd4 16. Qh5 Bxg5 17. Bxg5 Qd6 18. f4 e4 19. dxe4 Nc2
20. e5 Qg6 21. Qxg6 hxg6 22. Be7 Re8 23. Bxc5 Bb7 24. Ne3 Nxa1 25. Rxa1 Rec8
26. b4 Na4 27. Rc1 a5 {Ning,K (1958)-Liu,Z (2189) Shijiazhuang 2016 1-0 (35)})
13... e5 14. Be3 Qd6 15. N1h2 Be6 16. Ng5 Bxg5 17. Bxg5 h6 18. Bd2 Bf5 19. g4
Bxd3 20. Bxh6 e4 21. Bg5 Rxf2 22. Be3 Rxb2 23. Qc1 Rc2 24. Bf4 Qf6 25. g5 Qf5
26. Qe3 Rf8 27. Bd6 Nc4 28. Qxc5 Qf2+ 29. Qxf2 Rfxf2 30. Bh3 Nxd6 31. Ng4 Rf3
0-1

[Event "Sampa Chess Open 2024"]
[Site "Sao Paulo"]
[Date "2024.02.03"]
[Round "8.7"]
[White "Gemy, Jose Daniel"]
[Black "Cueto, Jonny"]
[Result "1-0"]
[WhiteElo "2329"]
[BlackElo "2108"]
[PlyCount "59"]
[EventDate "2024.01.29"]
[EventRounds "9"]
[EventCountry "BRA"]

1. Nf3 d6 2. c4 e5 3. Nc3 Nc6 4. g3 f5 5. d3 Nf6 6. Bg2 Be7 7. O-O O-O 8. Rb1
Qe8 9. Nd5 ({RR} 9. b4 Bd8 10. b5 Ne7 11. c5 Qh5 12. cxd6 cxd6 13. e3 Be6 14.
Ba3 Rc8 15. Rc1 Ne8 16. Nd2 Qxd1 17. Rfxd1 Ba5 18. Nc4 Bxc4 19. dxc4 Rxc4 20.
Nd5 Rxc1 21. Nxe7+ Kf7 22. Rxc1 Kxe7 23. Bxb7 Nc7 {Poluljahov,A (2501)-Kharlov,
A (2606) Cap d'Agde 2002 1/2-1/2 (76)}) ({RR} 9. b4 Nd8 10. e3 Ne6 11. Nd5 Bd8
12. Bb2 c6 13. Nxf6+ Bxf6 14. Nd2 h5 15. b5 h4 16. f4 hxg3 17. hxg3 exf4 18.
gxf4 Bd7 19. a4 Nc5 20. Qe2 Nxa4 21. Bxf6 Rxf6 22. Ra1 Nc5 23. d4 Ne6 {Lopez
Gracia,F (2289)-Terry,R (2504) chess.com INT 2021 0-1 (35)}) 9... Nxd5 10. cxd5
Nb8 11. Qc2 $146 ({RR} 11. e4 h6 12. exf5 Bxf5 13. Be3 Nd7 14. Rc1 Rc8 15. d4
Qh5 16. Nd2 Qg6 17. dxe5 Nxe5 18. b3 Nd3 19. Nc4 Nxc1 20. Bxc1 Bf6 21. Ne3 Bd3
22. Re1 Bc3 23. Bd2 Bxd2 24. Qxd2 Rce8 25. Rc1 Re7 {Coolen,O (1680)-Busson,B 
(1730) France 1992 0-1 (38)}) 11... c5 12. b4 cxb4 13. Rxb4 Na6 14. Rb1 h6 15.
Ba3 Rf7 16. Nd2 Bf8 17. Rfc1 Rc7 18. Qb3 b6 19. Rxc7 Nxc7 20. Nc4 Qg6 21. Nxe5
dxe5 22. Bxf8 Kxf8 23. Qa3+ Ke8 24. d6 e4 25. dxc7 Bb7 26. dxe4 fxe4 27. Qa4+
Bc6 28. Qxa7 Qe6 29. Qb8+ Kf7 30. Rxb6 1-0

[Event "Sampa Chess Open 2024"]
[Site "Sao Paulo"]
[Date "2024.02.03"]
[Round "8.8"]
[White "De Menezes, Ricardo Fagner Dias"]
[Black "Oliveira, Silvio Eduardo"]
[Result "0-1"]
[WhiteElo "1675"]
[BlackElo "2297"]
[PlyCount "32"]
[EventDate "2024.01.29"]
[EventRounds "9"]
[EventCountry "BRA"]

1. d4 Nf6 2. c4 e6 3. Nf3 c5 4. g3 cxd4 5. Nxd4 d5 6. Bg2 e5 7. Nf3 d4 8. O-O
Nc6 9. Ng5 Be7 ({RR} 9... h6 10. Ne4 Nxe4 11. Bxe4 Be7 12. Nd2 O-O 13. Bd5 Kh8
14. a3 a5 15. Nf3 Qc7 16. e3 Bg4 17. exd4 Nxd4 18. Be3 Bc5 19. Bxd4 Bxd4 20.
Qb3 Bxf3 21. Bxf3 Ra6 22. Rab1 Rb6 23. Qc2 Rc8 24. b3 {Fajman,P (2269)-Kopta,P
(2283) Czechia 2015 1/2-1/2 (50)}) 10. a3 $146 ({RR} 10. Nd2 O-O 11. Nge4 Nd7
12. g4 a5 13. f4 f5 14. gxf5 Rxf5 15. fxe5 Ndxe5 16. b3 Rxf1+ 17. Nxf1 Bg4 18.
Nf2 Bc5 19. Nxg4 Nxg4 20. Qd3 Qh4 21. Qg3 Qxg3 22. Nxg3 d3+ 23. Kh1 Nf2+ 24.
Kg1 d2 {Gnass,A (1877)-Von Herman,U (2400) Berlin 2010 0-1 (43)}) 10... a5 11.
Qa4 O-O 12. b4 Nd7 13. b5 Nc5 14. Qc2 d3 15. Qa2 Nd4 16. Be3 Bxg5 0-1

[Event "Sampa Chess Open 2024"]
[Site "Sao Paulo"]
[Date "2024.02.03"]
[Round "8.9"]
[White "Cunha, Lucas Aguiar"]
[Black "Passos, Marco Aurelio Novae"]
[Result "1-0"]
[WhiteElo "2230"]
[BlackElo "1671"]
[PlyCount "67"]
[EventDate "2024.01.29"]
[EventRounds "9"]
[EventCountry "BRA"]

1. e4 e5 2. Nf3 Nc6 3. Nc3 Nf6 4. Bb5 Nd4 5. Ba4 Bc5 6. Nxe5 Qe7 7. Nd3 Nxe4 ({
RR} 7... b5 8. Nxc5 Qxc5 9. Bb3 a5 10. a3 O-O 11. O-O Ba6 12. d3 Nxb3 13. cxb3
b4 14. Ne2 Rfe8 15. Re1 h6 16. d4 Qb6 17. Ng3 Rab8 18. f3 d6 19. Be3 Bc8 20. d5
c5 21. dxc6 Qxc6 22. axb4 {Armas,J (2400)-Antunes,A (2465) Matanzas 1992 1-0 
(38)}) ({RR} 7... b5 8. O-O bxa4 9. e5 Bb7 10. exf6 gxf6 11. Re1 Ne6 12. Nxc5
Qxc5 13. Ne4 Qf5 14. Qg4 Qxg4 15. Nxf6+ Kf8 16. Nxg4 Rg8 17. Ne3 Nf4 18. g3 Re8
19. d3 Nh3+ 20. Kf1 Rg5 21. Bd2 Rh5 22. Nf5 {Keuning,S (2013)-Vermeulen,F 
(1883) Groningen NED 2018 1-0 (34)}) 8. O-O Nxc3 9. dxc3 Ne6 10. c4 $146 ({RR} 
10. Re1 Bb6 11. Qg4 O-O 12. Bf4 d6 13. Bg3 Qf6 14. Qe2 Nc5 15. Nxc5 Bxc5 16. b4
Bb6 17. c4 Qc3 18. a3 Be6 19. Bb3 Rfe8 20. Qd3 Bd4 21. Rad1 Bf5 22. Rxe8+ Rxe8
23. Qxc3 Bxc3 24. f3 Re2 {Dungl,M (1963)-Stukheil,M (1522) Zlate Hory 2006 1/
2-1/2 (59)}) ({RR} 10. Nxc5 Nxc5 11. Re1 Ne6 12. Qf3 O-O 13. Be3 c6 14. c4 f5
15. Rad1 Qf6 16. c3 f4 17. Bd4 Qh4 18. Bc2 d6 19. g3 Qh3 20. c5 dxc5 21. Be5
Ng5 22. Qg2 Qxg2+ 23. Kxg2 Bh3+ 24. Kh1 f3 {Christer,J (2038)-Dang,D (2112)
Hue 2009 0-1}) ({RR} 10. Nxc5 Nxc5 11. Re1 Ne6 12. f4 O-O 13. Be3 Qh4 14. g3
Qf6 15. c4 d6 16. c3 Rd8 17. Bc2 g6 18. f5 gxf5 19. Rf1 Ng7 20. Qd2 Re8 21. Rf2
Bd7 22. Raf1 Qg6 23. Bd4 Re7 24. Bxg7 Kxg7 {Rosino,A (2189)-Janulynas,J (1805)
Kaunas 2012 1-0 (61)}) 10... a6 11. c3 O-O 12. b4 Ba7 13. c5 d6 14. c6 Qf6 15.
Bb2 Qg5 16. Kh1 Qd5 17. f4 Nd8 18. c4 Qf5 19. Bc2 Qg4 20. cxb7 Nxb7 21. Rf3 f6
22. Qd2 Bf5 23. Nf2 Bxf2 24. h3 Qh5 25. Qd5+ Qf7 26. Qxf5 g6 27. Qe4 d5 28. Qe2
Bb6 29. c5 Ba7 30. Ba4 a5 31. Re3 Qg7 32. Bc6 Rfb8 33. Re7 Qf8 34. Qe6+ 1-0